Calculus : Practice Problems, Methods, and Solutions /
Contiene: 1) Problemas: características de funciones; 2) Solución a problemas: características de las funciones; 3) Problemas: Ecuaciones trigonométricas e identidades; 4) Solución a problemas: Ecuaciones trigonométricas e identidades; 5) Problemas: límites y continuidad; 6) Solución a problemas: lí...
Guardado en:
| Hovedforfatter: | |
|---|---|
| Format: | Bog |
| Sprog: | engelsk |
| Udgivet: |
Cham, Suiza :
Springer,
2023, c2023
|
| Fag: | |
| Online adgang: | Ver documento en línea |
| Tags: |
Ingen Tags, Vær først til at tagge denne postø!
|
MARC
| LEADER | 00000nam^a2200000^a^4500 | ||
|---|---|---|---|
| 001 | 000630699 | ||
| 005 | 20260415000000.0 | ||
| 009 | 20260415195730.486 | ||
| 020 | |a 978-3-031-45028-0 | ||
| 037 | |a Acervo ITESO - Biblioteca | ||
| 041 | |a ING | ||
| 082 | |a 515. |b RAH V. 1 | ||
| 100 | |a Rahmani-Andebili, Mehdi |e (autor) | ||
| 240 | |a 2a edición | ||
| 245 | 1 | 0 | |a Calculus : |b Practice Problems, Methods, and Solutions / |c M. Rahmani-Andebili. |
| 264 | 4 | |a Cham, Suiza : |b Springer, |c 2023, c2023 | |
| 264 | 2 | |a Cham, Suiza : |b Springer Link [distribución], |c 2026, c2026 | |
| 300 | |a 1 libro electrónico en línea (VIII, 225 p.) | ||
| 300 | |a 1 recurso en línea | ||
| 336 | |a datos para computadora |b cod |2 rdacontenido | ||
| 337 | |a computadora |b c |2 rdamedio | ||
| 338 | |a recurso en línea |b cr |2 rdasoporte | ||
| 506 | 0 | |a Licencias ilimitadas | |
| 520 | |a Contiene: 1) Problemas: características de funciones; 2) Solución a problemas: características de las funciones; 3) Problemas: Ecuaciones trigonométricas e identidades; 4) Solución a problemas: Ecuaciones trigonométricas e identidades; 5) Problemas: límites y continuidad; 6) Solución a problemas: límites y continuidad; 7) Problemas: derivadas y sus aplicaciones; 8) Solución a problemas: derivadas y sus aplicaciones; 9) Problemas: integrales definidas e indefinidas; 10) Solución a problemas: integrales definidas e indefinidas. | ||
| 521 | |a 2025 BO Licenciatura en Ingeniería en Nanotecnología | ||
| 649 | |a XX | ||
| 650 | |a Cálculo Diferencial | ||
| 650 | |a Cálculo Integral | ||
| 650 | |a Cálculo - |x Problemas, Ejercicios, etc. - |x Tema Principal | ||
| 650 | |a Análisis Matemático | ||
| 650 | |a Matemáticas | ||
| 856 | 4 | 0 | |u https://link-springer-com.ezproxy.iteso.mx/10.1007/978-3-031- 45028-0 |y Ver documento en línea |
| 910 | |a Fondo General | ||
| 920 | |a Electrónicos - Libros en Línea | ||
| 930 | |a Plataforma Digital | ||
| 905 | |a 205 | ||
| 902 | |a https://opac.biblio.iteso.mx/vufind/Record/000630699 | ||